| 000 | 00463nam a22001817a 4500 | ||
|---|---|---|---|
| 001 | 00028791 | ||
| 005 | 20260416134417.0 | ||
| 008 | 260416b ag ||||| |||| 00| 0 spa d | ||
| 040 |
_bspa _cAR-CcCEOS |
||
| 080 | _a820-3(73) | ||
| 090 | _bDIS | ||
| 100 | 1 |
_aDisney, Walt, _d1901-1966 _9265 |
|
| 245 |
_aToy Story / _cDisney Walt |
||
| 260 |
_aEspaƱa : _bSalvat, _c2025. |
||
| 300 |
_a229 p. ; _c24x15 cm. |
||
| 650 | 0 | _aliteratura infantil | |
| 942 |
_2udc _cBK |
||
| 999 |
_c28826 _d28826 |
||
| 945 |
_a66467 _bMelina Rolando _c66467 _dMelina Rolando |
||